Дело о разрешении производить продажу крепких напитков в неузаконенном расстоянии от низших учебных заведений

Доступно только в Электронных читальных залах Найти на картеНа карте
RUSMARC
00003722nmc2a22002413x 450
0016551f279-bfc4-4d3e-83ba-e1f5f9f8f77d
00520201020175738.0
100##$a20200316l19101912k l0rusy0189 ca
1010#$arus
102##$aRU
105##$ay###
1222#$ad
2001#$aДело о разрешении производить продажу крепких напитков в неузаконенном расстоянии от низших учебных заведений
$j14 июля 1910 г. - 30 января 1912 г.
215##$a18 л.
$d36,5х26 см
251##$cДело
300##$aДело
371##$aДокумент не является опубликованным и широко распространяемым
461#0$1001a74412a3-3cc5-4d21-8f0a-dfe2fbd9e72d
$12001
$aДепартамент народного просвещения Министерства народного просвещения (1803-1917)
$1251
$cФонд
$1852
$j733
462#0$100183b7be38-9039-4a55-aea0-0d9bd5775b1a
$12001
$aДела разряда учительских институтов, семинарий и низших учебных заведений
$1251
$cОпись
$1852
$j177
801#0$aRU
$bРГИА
$c20200316
$gRCR
801#1$aRU
$bГлавНИВЦ
$c20200316
$2rusmarc
801#2$aRU
$bПБ им. Б.Н. Ельцина
$c20201020
$gRCR
$2rusmarc
850##$aРГИА
852##$aРГИА
$eФедеральное казенное учреждение "Российский государственный исторический архив" (РГИА)
$j127
937##$hРГИА
$d12341193
$aASBIBLIO_SCAN
035##$aRusGRCC00002502
856##$uhttp://readingroom.main.prlib.ru/item.aspx?id_node=n149178035&mode=full
Формат отображения